Identifiez ces Papes - Statistiques

Statistiques générales
  • Ce quiz a été pris 95 fois
  • Le résultat moyen est 5 sur 10
Statistiques - réponses
Par images Hint Réponse % Correct
Saint et premier Pierre
95%
Saint du XXe siècle Pie X
83%
Sauveur de Juifs Pie XII
73%
Saint, Lépante et messe tridentine Pie V
57%
Rerum novarum Léon XIII
54%
Prisonnier du Corse Pie VII
54%
Syllabus et infaillibilité papale Pie IX
41%
Assassiné par "le Bel" Boniface VIII
27%
Vicaire du Christ Innocent III
27%
Héliocentrisme Urbain VIII
16%
Aucun quiz correspondant
Distribution des résultats
% des personnes avec chaque résultat
Percentile par nombre de réponses
Votre historique - résultats
Vous n’avez pas pris ce quiz